[Event "Keres Memorial rap 24th"]
[Site "Tallinn"]
[Date "2015.01.11"]
[Round "6"]
[White "Kanep, Meelis"]
[Black "Sveshnikov, Evgeny"]
[Result "1-0"]
[WhiteElo "2509"]
[BlackElo "2514"]
[PlyCount "85"]
[EventDate "2015.01.10"]
[EventType "tourn (rapid)"]
[EventRounds "9"]
[EventCountry "EST"]
[EventCategory "12"]
[SourceTitle "CBM 164 Extra"]
[Source "ChessBase"]
[SourceDate "2015.03.02"]
[SourceVersion "1"]
[SourceVersionDate "2015.03.02"]
[SourceQuality "1"]

1. Nf3 d5 2. c4 d4 3. b4 Bg4 4. Qb3 Nc6 5. b5 ({RR} 5. a3 e5 6. h3 Be6 7. d3 f6 8. Nbd2 Nge7 9. Bb2 a5 10. b5 Nb8 11. Ne4 Nd7 12. Qc2 Nf5 13. g3 Nc5 14. Nfd2 Nxe4 15. Nxe4 Nd6 16. Nc5 Bf7 17. Bg2 Ra7 18. O-O Be7 19. Nb3 O-O {Beber,A (1877)-Aghaverdiyeva,M (1972) Prague CZE 2024 ½-½ (31)}) 5... Na5 6. Qa4 Bxf3 7. gxf3 c5 $146 ({RR} 7... b6 8. Bg2 d3 9. e3 e6 10. f4 Be7 11. Bb2 Bf6 12. Bxf6 Nxf6 13. Nc3 Rb8 14. O-O O-O 15. c5 Qe7 16. c6 Rbd8 17. Rab1 Rfe8 18. h3 g6 19. Rfc1 e5 20. fxe5 Qxe5 21. f4 Qf5 22. Rf1 {Kanep,M (2509)-Agrest,E (2590) Tallinn 2015 ½-½ (46)}) 8. f4 e6 9. Bg2 Bd6 10. d3 Ne7 11. Bd2 b6 12. Bxa8 Qxa8 13. Rg1 O-O 14. Bxa5 bxa5 15. Qxa5 Bxf4 16. Nd2 Bxh2 17. Rf1 Rc8 18. O-O-O Bc7 19. Qa6 Qb8 20. Kc2 Bb6 21. a4 Rd8 22. a5 Bc7 23. b6 axb6 24. Rb1 Nc6 25. axb6 Bf4 26. Ne4 Nb4+ 27. Rxb4 cxb4 28. Rb1 f5 29. Nc5 Qe5 30. Qb5 Rc8 31. b7 Qxe2+ 32. Kb3 Rb8 33. Qd7 g5 34. Rh1 h5 35. Nxe6 Qxd3+ 36. Ka4 Be5 37. Qc8+ Kf7 38. Nxg5+ Kf6 39. Nh7+ Kg7 40. Qd7+ Kg6 41. Qe6+ Kxh7 42. Rxh5+ Kg7 43. Rg5+ 1-0

[Event "CRO-ch"]
[Site "Opatija"]
[Date "2015.01.17"]
[Round "7"]
[White "Kozul, Zdenko"]
[Black "Martinovic, Sasa"]
[Result "1-0"]
[WhiteElo "2631"]
[BlackElo "2529"]
[PlyCount "79"]
[EventDate "2015.01.11"]
[EventType "tourn"]
[EventRounds "11"]
[EventCountry "CRO"]
[EventCategory "13"]
[SourceTitle "CBM 165"]
[Source "ChessBase"]
[SourceDate "2015.03.11"]
[SourceVersion "1"]
[SourceVersionDate "2015.03.11"]
[SourceQuality "1"]

1. Nf3 f5 2. g3 Nf6 3. Bg2 e6 4. O-O Be7 5. b3 O-O 6. Bb2 b6 $146 ({RR} 6... a5 7. a4 d6 8. d4 Qe8 9. e3 Bd8 10. Na3 Nbd7 11. Nc4 Ne4 12. Nfd2 d5 13. Na3 c6 14. c4 b6 15. f3 Nxd2 16. Qxd2 Nf6 17. Rfc1 Bb7 18. Nc2 Bc7 19. cxd5 exd5 20. Ba3 Rf7 21. Ne1 {Haakert,J (2305)-Clemens,C (2410) Germany 1982 ½-½}) ({RR} 6... d6 7. d3 Qe8 8. Nbd2 Nc6 9. e4 e5 10. exf5 Bxf5 11. d4 e4 12. Nh4 Bg4 13. f3 exf3 14. Bxf3 Qh5 15. Bxg4 Nxg4 16. h3 Rxf1+ 17. Nxf1 Nf6 18. Qxh5 Nxh5 19. Nf5 Rf8 20. N5e3 Bf6 21. c3 {Rakhmanov,A (2645)-Amin,B (2683) Moscow 2019 ½-½ (62)}) ({RR} 6... d6 7. c4 e5 8. d3 Nc6 9. Nc3 Qe8 10. Nd2 Qh5 11. e3 Qh6 12. Nd5 Nxd5 13. cxd5 Nb8 14. Rc1 Bd8 15. f4 Nd7 16. Nf3 Re8 17. Qd2 Nf6 18. Ng5 Ng4 19. h3 Nf6 20. Ne6 Bxe6 21. dxe6 {Gubajdullin,A (2229)-Topalov,A (2233) chess.com INT 2024 1-0 (51)}) ({RR} 6... Nc6 7. d3 d6 8. c4 Qe8 9. Nc3 Bd8 10. Qd2 Qh5 11. e4 e5 12. Rae1 f4 13. Kh1 Bg4 {0-1 (13) Euwe,M-Muhring,W Hilversum 1947}) 7. d3 Bb7 8. Nbd2 Qe8 9. e4 fxe4 10. dxe4 Na6 11. e5 Ng4 12. Qe2 Nc5 13. Nd4 Bxg2 14. Kxg2 Qg6 15. h3 Nh6 16. a4 a5 17. Rad1 Nf5 18. Nxf5 Rxf5 19. f4 Raf8 20. Qe3 d5 21. Bd4 Na6 22. c4 Nb4 23. Kh2 c5 24. Bb2 Rh5 25. Qe2 Qh6 26. Qg2 Nc2 27. Rf3 Rhf5 28. Nf1 Nb4 29. Ne3 R5f7 30. cxd5 exd5 31. Nxd5 Nxd5 32. Rxd5 g5 33. Bc1 g4 34. Rfd3 Rf5 35. Rd7 c4 36. bxc4 Bc5 37. h4 Rxe5 38. fxe5 Qxc1 39. Rd8 Qe1 40. Rxf8+ 1-0

[Event "ARM-ch 1st League 75th"]
[Site "Yerevan"]
[Date "2015.01.14"]
[Round "3"]
[White "Andriasian, Zaven"]
[Black "Ter Sahakyan, Samvel"]
[Result "1-0"]
[WhiteElo "2609"]
[BlackElo "2580"]
[PlyCount "69"]
[EventDate "2015.01.12"]
[EventType "tourn"]
[EventRounds "9"]
[EventCountry "ARM"]
[EventCategory "12"]
[SourceTitle "CBM 165"]
[Source "ChessBase"]
[SourceDate "2015.03.11"]
[SourceVersion "1"]
[SourceVersionDate "2015.03.11"]
[SourceQuality "1"]

1. Nf3 d5 2. c4 d4 3. g3 Nc6 4. Bg2 e5 5. d3 Nf6 6. O-O Bd6 7. e3 dxe3 ({RR} 7... O-O 8. exd4 exd4 9. Bg5 h6 10. Bxf6 Qxf6 11. Nbd2 Bf5 12. Qb3 Rab8 13. Nh4 Bh7 14. Ne4 Qd8 15. c5 Be7 16. Nf3 Bxe4 17. dxe4 Bxc5 18. e5 Re8 19. Rfe1 Qd7 20. Rad1 Bb6 21. Re4 Rbd8 22. a3 {Petrosian,T (2611)-Carlsen,M (2851) Chess.com INT 2016 1-0 (37)}) ({RR} 7... O-O 8. exd4 exd4 9. Bg5 Bf5 10. Nh4 Bd7 11. Nd2 Be7 12. Re1 h6 13. Bxf6 Bxf6 14. Nhf3 a5 15. a3 Be7 16. Rc1 Re8 17. c5 Bf5 18. Ne4 Qd7 19. Nfd2 Ne5 20. Nc4 Nxc4 21. Rxc4 Be6 22. Rc1 {Milchev,N (2362)-Gustafsson,J (2602) chess.com INT 2025 0-1 (84)}) 8. Bxe3 O-O 9. Nc3 Re8 $146 ({RR} 9... Bg4 10. h3 Bh5 11. Qd2 Qd7 12. Ng5 Rad8 13. g4 Bg6 14. a3 h5 15. gxh5 Nxh5 16. Ne2 Be7 17. Bd5 Bxg5 18. Bxg5 Ne7 19. Rad1 c6 20. Bg2 f6 21. Be3 Qxd3 22. Qb4 Qxd1 23. Rxd1 Rxd1+ 24. Kh2 {Karmenov,Z (2234)-Burmakin,V (2585) Pavlodar 2013 0-1 (49)}) ({RR} 9... h6 10. d4 exd4 11. Nxd4 Nxd4 12. Bxd4 Re8 13. Qb3 Nd7 14. Rad1 c6 15. Bxg7 Nc5 16. Qc2 Kxg7 17. b4 Qe7 18. bxc5 Bxc5 19. Ne4 Bf5 20. Qb2+ Qe5 21. Qxe5+ Rxe5 22. Nxc5 Rxc5 23. Rd4 Re8 24. Bf3 {Evdokimov,A (2205)-Sarana,A (2717) chess.com INT 2024 0-1 (47)}) 10. h3 Bf8 11. g4 h6 12. Re1 Nh7 13. Ne4 Nf6 14. Ng3 Nh7 15. a3 a5 16. d4 exd4 17. Nxd4 Ne5 18. Qc2 c6 19. Rad1 Qc7 20. Ne4 Ng6 21. c5 Rd8 22. Nd6 Nf6 23. Bc1 a4 24. g5 hxg5 25. Bxg5 Bxd6 26. cxd6 Rxd6 27. Nb5 Rxd1 28. Nxc7 Rxe1+ 29. Kh2 Rb8 30. Qd2 Re7 31. Bxf6 gxf6 32. Qd8+ Kh7 33. Ne8 f5 34. h4 Kh6 35. Nd6 1-0

[Event "BLR-ch 81st"]
[Site "Minsk"]
[Date "2015.01.13"]
[Round "2"]
[White "Stupak, Kirill"]
[Black "Zhigalko, Andrey"]
[Result "1-0"]
[WhiteElo "2557"]
[BlackElo "2584"]
[PlyCount "93"]
[EventDate "2015.01.12"]
[EventType "tourn"]
[EventRounds "11"]
[EventCountry "BLR"]
[EventCategory "8"]
[SourceTitle "CBM 164 Extra"]
[Source "ChessBase"]
[SourceDate "2015.03.02"]
[SourceVersion "1"]
[SourceVersionDate "2015.03.02"]
[SourceQuality "1"]

1. b3 d5 2. Bb2 Bf5 3. e3 e6 4. Nf3 Nd7 5. Be2 h6 6. c4 Ngf6 7. O-O Bd6 8. Nc3 O-O 9. d4 c6 10. Rc1 Qe7 11. Bd3 Bxd3 12. Qxd3 Rfd8 $146 ({RR} 12... Rfe8 13. Rfd1 Rad8 14. g3 Bb4 15. Qe2 a6 16. a4 Ba5 17. Qc2 Rc8 18. Qb1 Red8 19. Ba1 Bb4 20. Kg2 Re8 21. Kg1 Bxc3 22. Bxc3 Ne4 23. Kg2 f5 24. Ne5 Nxe5 25. dxe5 dxc4 26. bxc4 Qc7 27. Ba1 {Drazic,S (2366)-Nikitenko,M (2477) Novi Sad 2021 0-1 (66)}) ({RR} 12... Rfe8 13. Rfd1 Rad8 14. g3 Bb4 15. Qe2 a6 16. a4 Ba5 17. Qc2 Rc8 18. Qb1 Red8 19. Ba1 Bb4 20. Kg2 Re8 21. Kg1 Bxc3 22. Bxc3 Ne4 23. Kg2 f5 24. Ne5 Nxe5 25. dxe5 dxc4 26. bxc4 Qc7 27. Ba1 {Drazic,S (2366)-Nikitenko,M (2477) Novi Sad 2021 0-1 (66)}) 13. cxd5 exd5 14. Nd2 Re8 15. Rfe1 Ne4 16. Nf1 Qh4 17. Qe2 Re6 18. f3 Nxc3 19. Bxc3 Rae8 20. Qf2 Qe7 21. e4 f6 22. exd5 cxd5 23. Rxe6 Qxe6 24. Re1 Qf7 25. Rxe8+ Qxe8 26. Qe3 Qf7 27. g3 f5 28. Qd3 f4 29. g4 a6 30. Nd2 Qe7 31. Kf1 Nf6 32. Nb1 Kf7 33. h4 b5 34. Be1 b4 35. g5 hxg5 36. hxg5 Ne4 37. fxe4 dxe4 38. Qc4+ Kg6 39. Nd2 e3 40. Qd3+ Kxg5 41. Nf3+ Kh6 42. Nh4 Qf6 43. Nf5+ Kh5 44. Qe2+ Kg6 45. Qg4+ Kf7 46. Bh4 e2+ 47. Ke1 1-0

[Event "Gibraltar Masters 13th"]
[Site "Caleta"]
[Date "2015.02.01"]
[Round "6"]
[White "Cheparinov, Ivan"]
[Black "Stefanova, Antoaneta"]
[Result "1-0"]
[WhiteElo "2681"]
[BlackElo "2515"]
[PlyCount "123"]
[EventDate "2015.01.27"]
[EventType "swiss"]
[EventRounds "10"]
[EventCountry "GGB"]
[SourceTitle "CBM 165"]
[Source "ChessBase"]
[SourceDate "2015.03.11"]
[SourceVersion "1"]
[SourceVersionDate "2015.03.11"]
[SourceQuality "1"]

1. Nf3 d5 2. c4 d4 3. b4 Bg4 4. e3 e5 5. h3 ({RR} 5. c5 Nf6 6. h3 Bxf3 7. gxf3 Nc6 8. b5 Ne7 9. Rg1 Ng6 10. Ba3 Be7 11. Bc4 O-O 12. d3 Nd5 13. Qb3 c6 14. exd4 exd4 15. Bxd5 cxd5 16. Nd2 Rc8 17. Rc1 Bg5 18. Rc2 Re8+ 19. Kd1 Nf4 {Morris-Suzuki,A (1652)-Zhigalko,S (2572) chess.com INT 2023 0-1 (39)}) 5... Bxf3 6. Qxf3 Nc6 7. a3 $146 ({RR} 7. b5 Nb4 8. Kd1 Nf6 9. a3 e4 10. Qf5 Bd6 11. exd4 h6 12. h4 Nd3 13. Bxd3 exd3 14. Qxd3 O-O 15. Qf3 a6 16. g4 axb5 17. g5 Nh7 18. gxh6 bxc4 19. hxg7 Re8 20. Nc3 Qd7 21. Bb2 Ra6 {Sochacki,C (2358)-Kogan,A (2548) Arinsal 2011 0-1 (34)}) 7... Nf6 8. e4 a5 9. b5 Nb8 10. d3 Nbd7 11. g3 c6 12. Nd2 cxb5 13. cxb5 Nb6 14. h4 Qc7 15. Rb1 Nfd7 16. Bh3 Qc2 17. Bxd7+ Nxd7 18. Ke2 Qa2 19. Rb2 Qe6 20. Rc2 Nb6 21. Qf5 Na4 22. Qxe6+ fxe6 23. Nc4 Nc3+ 24. Rxc3 dxc3 25. Be3 Rc8 26. Rc1 Bc5 27. Rxc3 Bxe3 28. Kxe3 Ke7 29. Rb3 a4 30. Rb4 Rc5 31. g4 Rd8 32. Nxe5 g5 33. h5 Rc3 34. Rxa4 Rb3 35. Ra5 Kf6 36. f4 Rb1 37. b6 gxf4+ 38. Kxf4 h6 39. Ke3 Re1+ 40. Kf2 Rb1 41. Ke2 Rxb6 42. g5+ hxg5 43. Ng4+ Ke7 44. Rxg5 Rb3 45. Nf2 Rxa3 46. Ke3 Ra2 47. Rg7+ Kf6 48. Rg6+ Ke7 49. Rg7+ Kf6 50. Rg6+ Ke7 51. h6 Rxf2 52. Kxf2 Rxd3 53. Kg2 Rd8 54. e5 Rh8 55. Kg3 Kf7 56. Rf6+ Ke7 57. Kh4 b5 58. Kh5 b4 59. Rf4 Rb8 60. h7 b3 61. Rg4 Rh8 62. Rg7+ 1-0

[Event "Pavlodar Akim Cup rap"]
[Site "Pavlodar"]
[Date "2015.01.28"]
[Round "3"]
[White "Kotsur, Pavel"]
[Black "Granda Zuniga, Julio E"]
[Result "1-0"]
[WhiteElo "2548"]
[BlackElo "2679"]
[PlyCount "155"]
[EventDate "2015.01.28"]
[EventType "tourn (rapid)"]
[EventRounds "9"]
[EventCountry "KAZ"]
[EventCategory "13"]
[SourceTitle "CBM 164 Extra"]
[Source "ChessBase"]
[SourceDate "2015.03.02"]
[SourceVersion "1"]
[SourceVersionDate "2015.03.02"]
[SourceQuality "1"]

1. Nf3 d5 2. c4 d4 3. g3 Nc6 4. Bg2 e5 5. d3 a5 6. O-O Bc5 7. Na3 Nge7 ({RR} 7... Nf6 8. Nc2 O-O 9. a3 h6 10. Nd2 Re8 11. Rb1 a4 12. b4 axb3 13. Rxb3 Bf8 14. Nb4 Na5 15. Rb1 c6 16. Ne4 Nd7 17. e3 f5 18. Nd2 Nc5 19. exd4 Qxd4 20. Qh5 Be6 21. Nf3 Qd6 22. Nh4 {Barbosa,O (2482)-Huston,G (2395) New York USA 2024 0-1 (84)}) 8. Nc2 O-O 9. b3 h6 $146 ({RR} 9... Ng6 10. a3 Qe7 11. Rb1 Bf5 12. Qd2 e4 13. Nfe1 Rad8 14. b4 axb4 15. axb4 Ba7 16. Ba3 Nce5 17. b5 Bc5 18. Bxc5 Qxc5 19. dxe4 Nxc4 20. Qb4 Qxb4 21. Rxb4 Bg4 22. Rxc4 Bxe2 23. Rxc7 d3 24. Nxd3 {Pantsulaia,L (2553)-Sadhwani,R (2555) Chess.com INT 2021 1-0 (44)}) ({RR} 9... Bg4 10. a3 Qd7 11. Rb1 Ng6 12. b4 Be7 13. b5 Nd8 14. Re1 Bh3 15. Bh1 Ne6 16. Nd2 Rab8 17. a4 f5 18. Nb3 b6 19. Bc6 Qc8 20. e3 dxe3 21. Nxe3 Bb4 22. Bd2 Ng5 23. Bxb4 axb4 24. Qh5 {Postny,E (2551)-Dardha,D (2612) chess.com INT 2023 0-1 (33)}) 10. a3 Ng6 11. Rb1 Re8 12. b4 Bf8 13. Nd2 f5 14. Nb3 a4 15. Nd2 Be6 16. b5 Na5 17. Nb4 Ne7 18. Qxa4 c5 19. bxc6 bxc6 20. Qc2 Qc7 21. Nb3 Nxb3 22. Rxb3 Ra7 23. Bd2 Rd8 24. Qb2 c5 25. Nc2 Bd7 26. Rb1 Ba4 27. Rb6 Nc8 28. Rb8 Bd6 29. Rb7 Rxb7 30. Bxb7 Ne7 31. Bg2 Qa7 32. Ne1 Rb8 33. Qc1 Rb6 34. h4 Qb8 35. Rxb6 Qxb6 36. h5 Bc7 37. Bf3 Nc8 38. Ng2 Bd8 39. Bd5+ Kf8 40. e4 Ne7 41. Nh4 Nxd5 42. Ng6+ Kg8 43. exd5 Bf6 44. Qe1 Qb8 45. f4 exf4 46. Bxf4 Qb3 47. Qe2 Bd7 48. Be5 Bg5 49. Bf4 Bf6 50. Bd6 Qxa3 51. Be7 Qc1+ 52. Kg2 Qg5 53. Bxf6 Qxf6 54. Qb2 Qd8 55. Qb7 f4 56. Nxf4 Qe8 57. Qb2 Bg4 58. Qf2 Qe5 59. Qd2 Kf7 60. Kf2 Qb8 61. Qa2 Kg8 62. Qd2 Kh7 63. Qe1 Bf5 64. Qe2 Qb1 65. g4 Bd7 66. Qe4+ Kg8 67. Ne6 Qd1 68. Qf3 Qd2+ 69. Kg3 Bxe6 70. dxe6 Qe1+ 71. Kf4 Qxe6 72. Qd5 Kf7 73. Qxe6+ Kxe6 74. Ke4 g6 75. hxg6 Kf6 76. Kd5 Kxg6 77. Kxc5 Kg5 78. Kxd4 1-0

[Event "Pavlodar Akim Cup rap"]
[Site "Pavlodar"]
[Date "2015.01.30"]
[Round "9"]
[White "Adly, Ahmed"]
[Black "Khalifman, Alexander"]
[Result "1-0"]
[WhiteElo "2684"]
[BlackElo "2588"]
[PlyCount "63"]
[EventDate "2015.01.28"]
[EventType "tourn (rapid)"]
[EventRounds "9"]
[EventCountry "KAZ"]
[EventCategory "13"]
[SourceTitle "CBM 164 Extra"]
[Source "ChessBase"]
[SourceDate "2015.03.02"]
[SourceVersion "1"]
[SourceVersionDate "2015.03.02"]
[SourceQuality "1"]

1. Nf3 c5 2. g3 g6 3. Bg2 Bg7 4. O-O Nc6 5. e4 Nf6 6. Re1 O-O 7. c3 d6 8. d3 e5 9. a3 Bd7 ({RR} 9... a5 10. a4 h6 11. Na3 Re8 12. Nd2 Be6 13. Nb5 Na7 14. Nc4 Nxb5 15. axb5 b6 16. f4 Bg4 17. Qc2 Bc8 18. Rf1 Qc7 19. fxe5 dxe5 20. Bxh6 Be6 21. Bg5 Nh7 22. Be3 Rad8 23. b3 Rd7 24. Rad1 {Amin,B (2560)-Dominguez Perez,L (2719) Almaty 2008 0-1 (36)}) ({RR} 9... b5 10. h3 Rb8 11. Be3 a5 12. Nbd2 Be6 13. d4 cxd4 14. cxd4 exd4 15. Nxd4 Nxd4 16. Bxd4 Qd7 17. Qf3 Qe7 18. Nb3 a4 19. Na5 Qc7 20. Bxf6 Qxa5 21. Red1 Rb6 22. Bxg7 Kxg7 23. Rd4 Rc8 24. Rad1 {Amin,B (2631)-Gajewski,G (2644) Reykjavik 2013 1-0 (52)}) 10. b4 $146 ({RR} 10. Nbd2 b5 11. d4 cxd4 12. cxd4 Rc8 13. Nb3 h6 14. h3 Re8 15. Kh2 exd4 16. Nfxd4 d5 17. Nxc6 Bxc6 18. e5 Ne4 19. f3 Ng5 20. Nd4 Ba8 21. f4 Ne4 22. Nxb5 Qb6 23. Bxe4 dxe4 24. Qe2 Bf8 {Djuric,S (2489)-Calzetta Ruiz,M (2278) Cutro 2002 1-0}) 10... b5 11. a4 a6 12. axb5 axb5 13. Rxa8 Qxa8 14. bxc5 dxc5 15. Be3 c4 16. dxc4 bxc4 17. Nbd2 Be6 18. Ng5 Bg4 19. f3 Bc8 20. Nxc4 h6 21. Nh3 Rd8 22. Qc1 Be6 23. Nb6 Qa5 24. Nf2 Nd7 25. Nd5 Bxd5 26. exd5 Qxd5 27. Bxh6 Bxh6 28. Qxh6 Nf6 29. Qg5 Kg7 30. f4 Qc5 31. Bxc6 Rd2 32. Rf1 1-0

[Event "Zuerich Chess Challenge Blitz 4th"]
[Site "Zuerich"]
[Date "2015.02.13"]
[Round "2"]
[White "Anand, Viswanathan"]
[Black "Kramnik, Vladimir"]
[Result "1-0"]
[WhiteElo "2797"]
[BlackElo "2783"]
[Annotator "Ramirez Alvarez,Alejandro"]
[PlyCount "61"]
[EventDate "2015.02.13"]
[EventType "tourn (blitz)"]
[EventRounds "5"]
[EventCountry "SUI"]
[EventCategory "22"]
[SourceTitle "CBM 164 Extra"]
[Source "ChessBase"]
[SourceDate "2015.03.02"]
[SourceVersion "1"]
[SourceVersionDate "2015.03.02"]
[SourceQuality "1"]

1. Nf3 d5 2. c4 d4 3. g3 Nc6 4. Bg2 e5 5. d3 Bb4+ 6. Bd2 a5 7. O-O Nge7 ({RR} 7... Nf6 8. Bg5 O-O 9. Na3 h6 10. Bxf6 Qxf6 11. Nc2 Re8 12. a3 Bc5 13. Nd2 Bf8 14. b3 h5 15. h4 Bg4 16. Rb1 Nd8 17. b4 axb4 18. axb4 c6 19. Ne4 Qg6 20. Qd2 Ra2 21. Ra1 Bxb4 22. Qxb4 {Postny,E (2605)-Eljanov,P (2672) Chess.com INT 2021 0-1 (55)}) 8. Bxb4 ({RR} 8. e4 dxe3 9. Bxe3 Bf5 10. d4 exd4 11. Nxd4 Bd7 12. a3 Bd6 13. c5 Be5 14. Nc3 O-O 15. Qd2 Nxd4 16. Bxd4 Bc6 17. Rad1 Bxg2 18. Kxg2 Bxd4 19. Qxd4 Nc6 20. Qxd8 Rfxd8 21. Nd5 Rac8 22. Rd2 Kf8 {Schulz,K (2166)-Johnson,J (2277) chess.com INT 2024 0-1}) 8... axb4 9. Nbd2 O-O 10. a3 $146 ({RR} 10. Qb3 Be6 11. a3 bxa3 12. Rxa3 Rxa3 13. Qxa3 Qa8 14. Ra1 Qxa3 15. Rxa3 Rb8 16. b4 Nxb4 17. Nxe5 f6 18. Nef3 c5 19. Ne4 b6 20. Nd6 Nec6 21. Nd2 Kf8 22. Nb5 Rc8 23. Nb3 Bg4 24. Nc1 Na5 {Cvitan,O (2550)-Barle,J (2415) Rijeka 2010 ½-½ (31)}) ({RR} 10. Qb3 Ng6 11. a3 bxa3 12. Rxa3 Rb8 13. Rfa1 Bd7 14. h4 {½-½ (14) Roeder,M (2422)-Palac,M (2561) Belgium 2015}) 10... bxa3 11. Qb3 Bg4 12. Rxa3 Rb8 13. h3 Bh5 14. c5 Kh8 15. g4 Bg6 16. Nh4 f6 17. Nxg6+ Nxg6 18. Ne4 Nh4 19. Ng3 Nxg2 20. Kxg2 Ne7 21. h4 Qd7 22. f3 Nd5 23. Rfa1 Ne3+ (23... h5 $1 24. Nxh5 f5 $1 {and Black crashes through, though this continuation is far from obvious - sacrificing a pawn doesn't seem so logical, especially after White can close the position with 25. g5, but that is not where his problems end.} 25. g5 f4 $1 26. Kf2 Qf7 $1 $19 {Suddenly the knight on h5 is trapped!}) 24. Kf2 Qe7 25. Ra7 f5 $6 26. g5 e4 27. Rxb7 Rxb7 $2 (27... Rbd8 $1 $19) 28. Qxb7 exd3 29. exd3 Nc2 $4 {Perhaps overlooking White's defensive resources.} 30. Ra8 Re8 31. Qc8 (31. Qc8 $1 Qe1+ 32. Kg2 {and the knight on e2 is very securely protecting his king!} Ne3+ 33. Kh3 {and Black is getting mated, while Black has no immediate threats.}) 1-0

[Event "Zuerich Chess Challenge Blitz 4th"]
[Site "Zuerich"]
[Date "2015.02.13"]
[Round "5"]
[White "Nakamura, Hikaru"]
[Black "Karjakin, Sergey"]
[Result "1-0"]
[WhiteElo "2776"]
[BlackElo "2760"]
[Annotator "Ramirez Alvarez,Alejandro"]
[PlyCount "59"]
[EventDate "2015.02.13"]
[EventType "tourn (blitz)"]
[EventRounds "5"]
[EventCountry "SUI"]
[EventCategory "22"]
[SourceTitle "CBM 164 Extra"]
[Source "ChessBase"]
[SourceDate "2015.03.02"]
[SourceVersion "1"]
[SourceVersionDate "2015.03.02"]
[SourceQuality "1"]

1. b3 d5 2. Nf3 c5 3. e3 Nc6 4. Bb5 Nf6 5. Bxc6+ bxc6 6. Bb2 e6 ({RR} 6... Bf5 7. Ne5 Qc7 8. O-O e6 9. d3 Bd6 10. f4 h5 11. Nd2 Ng4 12. Nxg4 Bxg4 13. Qe1 f6 14. h3 Bf5 15. e4 Bh7 16. Qh4 O-O-O 17. Rf3 g5 18. fxg5 fxg5 19. Qxg5 Rdg8 20. Qf6 Re8 21. Qxh8 {Dobrocmyslov,A (2280)-Tamarozi,I (1994) chess.com INT 2025 1-0 (32)}) 7. d3 Bd6 8. c4 $146 ({RR} 8. Nbd2 O-O 9. e4 Nd7 10. O-O e5 11. Qe2 Re8 12. Rfe1 a5 13. a4 Ba6 14. Ba3 Qc7 15. Qe3 h6 16. Nh4 c4 17. Bxd6 Qxd6 18. dxc4 dxc4 19. Nf5 Qe6 20. Nxc4 Bxc4 21. bxc4 Qxc4 22. Nd6 Qxc2 {Fus,J (2405)-Lajbl,J (2225) Katowice POL 2022 1-0 (37)}) ({RR} 8. Nbd2 O-O 9. e4 Nd7 10. O-O e5 11. Qe2 Re8 12. Rfe1 a5 13. a4 Ba6 14. Ba3 Qc7 15. Qe3 h6 16. Nh4 c4 17. Bxd6 Qxd6 18. dxc4 dxc4 19. Nf5 Qe6 20. Nxc4 Bxc4 21. bxc4 Qxc4 22. Nd6 Qxc2 {Fus,J (2405)-Lajbl,J (2225) Katowice POL 2022 1-0 (37)}) 8... O-O 9. Nc3 e5 10. e4 d4 11. Ne2 Nh5 12. Ng3 Nf4 13. O-O g6 14. Bc1 Ne6 15. Bh6 Re8 16. Qd2 f6 17. Kh1 a5 18. h3 Qe7 19. Qd1 Nd8 20. Bd2 Nf7 21. Nh2 f5 22. exf5 gxf5 23. f4 exf4 24. Nh5 Ra7 25. Re1 Ne5 26. Bxf4 Qh4 $2 (26... Qf7 $13 {The game continues with a very unclear position.}) 27. Bg3 $2 {Nakamura doesn't see the blow at first...} Qg5 28. Bf4 Qh4 $2 (28... Qg6 $1 29. Nf3 Qxh5 $11) 29. g3 $1 {Now it is clear that the queen cannot take on h3 because of the fork on e8, and it must retreat to a losing square.} Qd8 (29... Qxh3 30. Nf6+ Kh8 31. Nxe8 Ng4 32. Re2 {is not even close to compensation for the "sacrificed" rook.}) 30. Nf3 $1 {The ping down the e-file is lethal!} (30. Nf3 {There is no good way of defending the e5 knight.} Rae7 (30... Nxf3 31. Rxe8+ Qxe8 32. Nf6+ $18) 31. Nf6+ $18) 1-0

[Event "Lutsk Nebesna Sotnya Memorial blitz"]
[Site "Lutsk"]
[Date "2015.02.20"]
[Round "11"]
[White "Onischuk, Vladimir"]
[Black "Kovalenko, Igor"]
[Result "1-0"]
[WhiteElo "2629"]
[BlackElo "2656"]
[PlyCount "106"]
[EventDate "2015.02.20"]
[EventType "swiss (blitz)"]
[EventRounds "22"]
[EventCountry "UKR"]
[SourceTitle "CBM 165 Extra"]
[Source "ChessBase"]
[SourceDate "2015.04.21"]
[SourceVersion "1"]
[SourceVersionDate "2015.04.21"]
[SourceQuality "1"]

1. g3 c5 2. Bg2 Nc6 3. Nf3 g6 4. d4 cxd4 5. Nxd4 Bg7 6. Nb3 h5 7. h3 d6 8. Nc3 ({RR} 8. O-O Be6 9. Nc3 Nf6 10. e4 Qd7 11. h4 Ne5 12. Nd5 Nxd5 13. exd5 Bg4 14. f3 Bh3 15. Qe2 Bxg2 16. Kxg2 Rc8 17. c3 O-O 18. Nd4 Nc4 19. Rd1 a6 20. b3 Ne5 21. Bb2 b5 22. Rac1 Rc5 {Bahmani,K (2207)-Gorovets,A (2461) chess.com INT 2025 0-1 (34)}) 8... Be6 9. e4 Bxc3+ 10. bxc3 Nf6 $146 ({RR} 10... Qd7 11. Nd4 Bc4 12. Bg5 f6 13. Be3 e5 14. Ne2 Nge7 15. O-O O-O-O 16. Qd2 h4 17. g4 g5 18. Rfb1 Qe6 19. Rb2 Rd7 20. Rab1 Rhd8 21. Nc1 d5 22. Qe1 dxe4 23. Nb3 b6 24. Bxe4 Bd5 25. f3 {Krause,U-Cablitz,H Germany 1991 ½-½ (47)}) 11. O-O Qd7 12. Kh2 Rc8 13. Nd4 Ne5 14. f4 Nc6 15. Be3 Bc4 16. Rf2 d5 17. e5 Ne4 18. Bxe4 dxe4 19. Rd2 Nxd4 20. Rxd4 Qc6 21. a4 Be6 22. c4 O-O 23. Rb1 Bxc4 24. f5 gxf5 25. Qxh5 Qg6 26. Qxg6+ fxg6 27. Rxb7 Rfe8 28. Rxa7 Bf1 29. Rd2 Kf7 30. a5 Rc3 31. Bd4 Ra3 32. c3 Ke6 33. h4 Bc4 34. Kg2 Ra1 35. Rc7 Bf1+ 36. Kf2 Bb5 37. c4 e3+ 38. Bxe3 Ba4 39. a6 Ra8 40. a7 Bb3 41. Bc5 f4 42. Rxe7+ Kf5 43. Rf7+ Kg4 44. Rxf4+ Kh3 45. e6 Ra5 46. Rf8 R5xa7 47. Rxa8 Rxa8 48. Rd4 Ba4 49. e7 Ra5 50. Bd6 Rf5+ 51. Ke3 Bc6 52. Rf4 Ra5 53. Rf8 Ra1 1-0